000 01383nam a2200301 4500
003 EC-UNACH
005 20251020124236.0
006 s||||gr|||| 00| 00
008 150116t9999 mx r gr 000 0 spa d
020 _a978-950-641-499-3
040 _aEC-UNACH
_cEC-UNACH
041 _aspa
082 0 4 _a658.3
_bL012649
_223
110 _aEditorial Garnica
245 _aComportamiento Organizacional
250 _aPrimera edición
264 _aArgentina
_bEditorial Garnica
_c2011
300 _a540
505 _aCapitulo 1- Que es comportamiento organizacional Capitulo 2- El cambio de las organizaciones el comportamiento de los supervisores y directivos Capitulo 3- El poder de las organizaciones el comportamiento de los supervisores y directivos Capitulo 4- El comportamiento de los individuos en las organizaciones Capitulo 5- Nuevas tendencias en management Capitulo 6- Como relacionar comportamiento organizacional con la función de los subsistemas de recursos humanos Capitulo 7- Como lograr un cambio cultural
650 _aCambio cultural atreves por competencias
650 _aComportamiento organizacional
650 _aQue factores o fuerzas componen el comportamiento organizacional
700 _aMartha Alles
942 _2ddc
_c1
999 _c14042